[Event "European Youth Chess Championship B12"]
[Site "Prague, Top Hotel Prague"]
[Date "2016.08.20"]
[Round "3.44"]
[White "Krejcok, Tobias"]
[Black "Rokos, Filip"]
[Result "0-1"]
[WhiteElo "1851"]
[BlackElo "1687"]
[PlyCount "99"]
[EventDate "2016.08.18"]

1. e4 e6 2. d4 d5 3. Nc3 Bb4 4. e5 c5 5. a3 Bxc3+ 6. bxc3 Ne7 7. Nf3 Bd7 8. Bd3
Nbc6 9. O-O Qc7 10. a4 Qa5 11. Bd2 c4 12. Be2 O-O 13. Qc1 f6 14. Qa3 Ng6 15.
exf6 Rxf6 16. Rfb1 Qc7 17. h4 Nf4 18. Bxf4 Rxf4 19. g3 Rf6 20. Rd1 Raf8 21. Qc1
Rxf3 22. Bxf3 Rxf3 23. Kg2 Rf6 24. f4 Be8 25. Re1 Bg6 26. Re2 Bf5 27. Qd2 b6
28. Rae1 Qf7 29. Re3 Qg6 30. R1e2 Qg4 31. Qe1 Rg6 32. Kh1 Nd8 33. Rh2 h5 34.
Rhe2 Nf7 35. a5 Nd6 36. axb6 axb6 37. Rh2 Be4+ 38. Kg1 Nf5 39. Rxe4 dxe4 40.
Qxe4 Qxg3+ 41. Rg2 Qxg2+ 42. Qxg2 Rxg2+ 43. Kxg2 Nxh4+ 44. Kg3 Nf5+ 45. Kf3 Kf7
46. Ke4 h4 47. Kf3 Ke7 48. Kg4 Kd6 49. Kf3 Kd5 50. Kg4 0-1

[Event "European Youth Chess Championship B12"]
[Site "Prague, Top Hotel Prague"]
[Date "2016.08.20"]
[Round "3.45"]
[White "Hajpek, Erik"]
[Black "Czernek, Tymon"]
[Result "1/2-1/2"]
[WhiteElo "1701"]
[BlackElo "1847"]
[PlyCount "124"]
[EventDate "2016.08.18"]

1. e4 c5 2. Nf3 d6 3. d4 cxd4 4. Nxd4 Nf6 5. Nc3 a6 6. Be3 e5 7. Nb3 Be6 8. h3
Be7 9. Qf3 Nc6 10. O-O-O Qc8 11. Be2 a5 12. a4 O-O 13. g4 Nb4 14. g5 Nd7 15.
Bd3 Qc7 16. Kb1 Nxd3 17. Rxd3 Rfc8 18. Rd2 Bc4 19. h4 b5 20. Nxb5 Bxb5 21. axb5
a4 22. b6 Nxb6 23. Bxb6 Qxb6 24. Nc1 Rcb8 25. c3 a3 26. b4 d5 27. Rxd5 Bxb4 28.
cxb4 Qxb4+ 29. Nb3 Qxb3+ 30. Qxb3 Rxb3+ 31. Ka1 Re8 32. Ka2 Rb2+ 33. Kxa3 Rxf2
34. Rhd1 Rf4 35. Rxe5 Ra8+ 36. Kb4 Rxh4 37. Rd7 g6 38. Ree7 Rf4 39. Kc4 Ra1 40.
Rd8+ Kg7 41. Ree8 Rxe4+ 42. Rxe4 Ra5 43. Rd5 Ra4+ 44. Kd3 Ra3+ 45. Ke2 Ra2+ 46.
Kf3 Ra3+ 47. Re3 Ra1 48. Re7 Ra3+ 49. Kf4 Ra4+ 50. Kf3 Ra3+ 51. Ke4 Ra4+ 52.
Rd4 Ra5 53. Rdd7 Rf5 54. Re5 Rf1 55. Rd3 Ra1 56. Rf3 Rd1 57. Kf4 Kf8 58. Re2
Rd4+ 59. Kg3 Rd5 60. Kg4 Rd4+ 61. Rf4 Rd7 62. Rh2 Kg8 1/2-1/2

[Event "European Youth Chess Championship B12"]
[Site "Prague, Top Hotel Prague"]
[Date "2016.08.20"]
[Round "3.46"]
[White "Chiriac, Daniel"]
[Black "Schernthaner, David"]
[Result "1-0"]
[WhiteElo "1687"]
[BlackElo "1844"]
[PlyCount "47"]
[EventDate "2016.08.18"]

1. e4 c5 2. Nf3 d6 3. d4 Nf6 4. Nc3 cxd4 5. Nxd4 Nc6 6. Be3 e6 7. f3 Be7 8. Qd2
O-O 9. g4 a6 10. O-O-O Nxd4 11. Bxd4 b5 12. h4 Bb7 13. h5 Nd7 14. Be2 Rc8 15.
Rdg1 Ne5 16. Be3 Nc4 17. Bxc4 Rxc4 18. g5 Qa5 19. g6 b4 20. h6 fxg6 21. hxg7
Rf7 22. Rxh7 Kxh7 23. Qh2+ Kxg7 24. Qh6+ 1-0

[Event "European Youth Chess Championship B12"]
[Site "Prague, Top Hotel Prague"]
[Date "2016.08.20"]
[Round "3.47"]
[White "Baum, Jonasz"]
[Black "Sebesta, Jan"]
[Result "1-0"]
[WhiteElo "1842"]
[BlackElo "1557"]
[PlyCount "51"]
[EventDate "2016.08.18"]

1. e4 c6 2. d4 d5 3. Nc3 dxe4 4. Nxe4 Bf5 5. Ng3 Bg6 6. h4 h6 7. Nf3 Nd7 8. h5
Bh7 9. Bd3 Bxd3 10. Qxd3 e6 11. Bd2 Qc7 12. O-O-O O-O-O 13. Ne4 Ngf6 14. g3
Nxe4 15. Qxe4 Bd6 16. c4 Nf6 17. Qe2 c5 18. Bc3 b6 19. Kb1 Kb8 20. dxc5 bxc5
21. Ne5 Qb7 22. Qe3 Rc8 23. Nxf7 Qxf7 24. Rxd6 Rhe8 25. Be5 Rc7 26. Rc6 1-0

[Event "European Youth Chess Championship B12"]
[Site "Prague, Top Hotel Prague"]
[Date "2016.08.20"]
[Round "3.48"]
[White "Kran, Ole-Christian Bakken"]
[Black "Ingebretsen, Jens E"]
[Result "0-1"]
[WhiteElo "1571"]
[BlackElo "1841"]
[PlyCount "90"]
[EventDate "2016.08.18"]

1. e4 e6 2. d4 d5 3. e5 c5 4. c3 Nc6 5. Nf3 Bd7 6. a3 a5 7. a4 Qb6 8. Be2 Nh6
9. Bxh6 gxh6 10. Qd2 Rc8 11. O-O cxd4 12. cxd4 Rg8 13. Nc3 h5 14. Rfd1 Rg6 15.
Bd3 Bh6 16. Qe1 Rg7 17. Nb5 Ke7 18. Bf1 Nb8 19. Nd6 Rc2 20. b3 Qc7 21. Rab1 Bf4
22. g3 Rc3 23. Nh4 Bg5 24. Ng2 h4 25. f4 Bh6 26. Nxh4 Bxf4 27. Ng2 Bg5 28. Qe2
Qb6 29. Qf2 Rc2 30. Qf3 Nc6 31. Qd3 Ra2 32. Ne1 Nxe5 33. Qc3 Ng4 34. Ng2 Qxd6
35. Qf3 Rxg2+ 36. Bxg2 Be3+ 37. Kh1 Nf2+ 38. Kg1 Nxd1+ 39. Kf1 Nc3 40. Rb2 Bxd4
41. Rd2 Be5 42. Rd3 Ne4 43. Qd1 Qa6 44. Ke1 Bc3+ 45. Kf1 Nc5 0-1

[Event "European Youth Chess Championship B12"]
[Site "Prague, Top Hotel Prague"]
[Date "2016.08.20"]
[Round "3.49"]
[White "Devyaterikov, Ivan"]
[Black "Redzisz, Michal"]
[Result "0-1"]
[WhiteElo "1536"]
[BlackElo "1834"]
[PlyCount "96"]
[EventDate "2016.08.18"]

1. d4 Nf6 2. c4 e6 3. Nc3 Bb4 4. Qc2 O-O 5. Bg5 d5 6. cxd5 exd5 7. e3 Be6 8.
Bd3 h6 9. Bh4 Nbd7 10. Nf3 c6 11. O-O Qa5 12. Na4 Rac8 13. a3 Bd6 14. b4 Qc7
15. Bg3 Bxg3 16. hxg3 Rfe8 17. Rfc1 Qb8 18. Qb3 Ne4 19. Ra2 b5 20. Nc3 Nb6 21.
Qc2 Qb7 22. Nd2 f5 23. Raa1 g5 24. Ne2 Qb8 25. Rf1 Kg7 26. Nc3 g4 27. Ne2 h5
28. Nf4 Bf7 29. Rfe1 Rh8 30. Kf1 h4 31. gxh4 Rxh4 32. Ke2 Re8 33. Rh1 Qxf4 34.
Bxe4 Rxh1 35. Rxh1 Rxe4 36. Nxe4 Qxe4 37. Qxc6 Qe6 38. Qxb5 f4 39. Qd3 Bg6 40.
Qc3 fxe3 41. fxe3 Nc4 42. b5 Qe4 43. Rg1 g3 44. Qb3 Bh5+ 45. Ke1 Nxe3 46. Kd2
Qxd4+ 47. Qd3 Nc4+ 48. Kc2 Qb2# 0-1

[Event "European Youth Chess Championship B12"]
[Site "Prague, Top Hotel Prague"]
[Date "2016.08.20"]
[Round "3.50"]
[White "Horobrijs, Daniils"]
[Black "Papuc, David"]
[Result "1-0"]
[WhiteElo "1829"]
[BlackElo "1329"]
[PlyCount "99"]
[EventDate "2016.08.18"]

1. e4 c6 2. Nf3 d5 3. Nc3 dxe4 4. Nxe4 Nf6 5. Nxf6+ gxf6 6. d4 Bg4 7. Be3 Nd7
8. h3 Bh5 9. Bd3 e6 10. Qe2 Qc7 11. O-O-O O-O-O 12. Kb1 Nb6 13. c4 c5 14. g4
Bg6 15. Bxg6 hxg6 16. Rc1 Kb8 17. g5 fxg5 18. Bxg5 Rd7 19. Bf6 Rh7 20. Be5 Bd6
21. Ng5 Rh5 22. f4 Bxe5 23. dxe5 Rd4 24. Ne4 Rh8 25. h4 f5 26. Nd6 Rxf4 27.
Rhg1 Rfxh4 28. Rxg6 R4h6 29. Qg2 Nc8 30. Rxh6 Rxh6 31. Qg8 Qd7 32. Qf8 Rh7 33.
Rg1 Kc7 34. Rd1 Nxd6 35. exd6+ Kc6 36. Qf6 Rf7 37. Qc3 Qc8 38. Qe5 Kd7 39. Re1
Kc6 40. b4 b6 41. b5+ Kb7 42. Rh1 Qd7 43. Rh6 Kc8 44. Rxe6 Rf8 45. Re7 Qd8 46.
Qd5 Qxe7 47. dxe7 Re8 48. Qc6+ Kb8 49. Qxe8+ Kb7 50. Qc6+ 1-0

[Event "European Youth Chess Championship B12"]
[Site "Prague, Top Hotel Prague"]
[Date "2016.08.20"]
[Round "3.51"]
[White "Husa, Daniel"]
[Black "Stoian, Cristian-Georgian"]
[Result "1-0"]
[WhiteElo "1488"]
[BlackElo "1826"]
[PlyCount "75"]
[EventDate "2016.08.18"]

1. Nf3 Nf6 2. g3 g6 3. Bg2 Bg7 4. O-O O-O 5. d4 d5 6. c3 c5 7. dxc5 Nc6 8. Na3
e5 9. Nb5 Ne4 10. Nh4 Nxc5 11. Qxd5 Qb6 12. Na3 Be6 13. Qd2 Rac8 14. Qc2 Nd7
15. Be3 Qa6 16. Qd3 Qa4 17. Qb5 Qxb5 18. Nxb5 Bc4 19. Nd6 Bxe2 20. Rfe1 Bg4 21.
Nxc8 Rxc8 22. h3 Be6 23. Red1 Bf8 24. Kh2 Nc5 25. Bd5 Bxd5 26. Rxd5 b6 27. Rad1
Na4 28. R5d2 Na5 29. Rd8 Rxd8 30. Rxd8 Kg7 31. Bh6+ Kxh6 32. Rxf8 Nxb2 33. Rxf7
Nd1 34. g4 Nxc3 35. Nf3 g5 36. Nxe5 Nxa2 37. h4 Nc3 38. hxg5+ 1-0

[Event "European Youth Chess Championship B12"]
[Site "Prague, Top Hotel Prague"]
[Date "2016.08.20"]
[Round "3.54"]
[White "Sunde, Nicholas"]
[Black "Hommel, Niclas"]
[Result "1/2-1/2"]
[WhiteElo "1375"]
[BlackElo "1816"]
[PlyCount "83"]
[EventDate "2016.08.18"]

1. d4 Nf6 2. c4 e6 3. Nf3 b6 4. Nc3 Bb7 5. Bf4 Be7 6. e3 Nh5 7. Bg3 O-O 8. Bd3
f5 9. Qc2 Nc6 10. a3 a5 11. d5 Na7 12. Rd1 Nxg3 13. hxg3 Bd6 14. Nd4 Qf6 15.
Qe2 g6 16. Nb3 Bxa3 17. O-O Bb4 18. dxe6 Bxc3 19. bxc3 dxe6 20. Qb2 Rad8 21.
Nxa5 Bxg2 22. Kxg2 bxa5 23. Qb7 Qxc3 24. Qxa7 Rxd3 25. Qxc7 Rf7 26. Qc8+ Kg7
27. Qxe6 Rxd1 28. Rxd1 a4 29. Rd7 Qf6 30. Qxf6+ Kxf6 31. Rd6+ Ke5 32. Ra6 Rc7
33. Rxa4 Ke4 34. Kf1 Kd3 35. Kg2 Kc3 36. Ra1 Kb2 37. Rh1 Kb3 38. Kf3 Kb4 39.
Rh4 Kc5 40. Rd4 Re7 41. Kf4 Ra7 42. Kf3 1/2-1/2

[Event "European Youth Chess Championship B12"]
[Site "Prague, Top Hotel Prague"]
[Date "2016.08.20"]
[Round "3.56"]
[White "Barak, David"]
[Black "Karacsonyi, Gellert"]
[Result "0-1"]
[WhiteElo "1627"]
[BlackElo "2122"]
[PlyCount "198"]
[EventDate "2016.08.18"]

1. d4 Nf6 2. Nf3 g6 3. Bg5 Bg7 4. e3 O-O 5. Be2 c5 6. c3 d6 7. O-O Qb6 8. Qb3
Be6 9. Qc2 Bf5 10. Qc1 h6 11. Bxf6 Bxf6 12. Nbd2 d5 13. dxc5 Qxc5 14. Nb3 Qb6
15. Nfd4 Bd7 16. Rd1 Nc6 17. Bf3 e6 18. Qd2 a5 19. Nxc6 bxc6 20. Bg4 h5 21. Bh3
c5 22. Rdb1 Qc7 23. Nc1 Rfb8 24. g3 Rb6 25. Bg2 Rab8 26. e4 dxe4 27. Bxe4 Bc6
28. Bxc6 Rxc6 29. Ne2 Rcb6 30. a3 Qb7 31. Ra2 Kg7 32. Qc2 h4 33. Qc1 hxg3 34.
fxg3 Qd5 35. Raa1 Bg5 36. Nf4 Bxf4 37. gxf4 Rh8 38. Qe3 Rh4 39. Qe5+ Qxe5 40.
fxe5 Re4 41. Re1 Rg4+ 42. Kf2 Rxb2+ 43. Re2 Rg2+ 44. Kxg2 Rxe2+ 45. Kf3 Rxe5
46. Rb1 c4 47. a4 Kf6 48. Rb6 Rd5 49. Kg4 Rd3 50. Rb5 Rxc3 51. Rxa5 Rc1 52. Rc5
c3 53. Kf3 Ra1 54. a5 Ra3 55. h4 Ra4 56. Rxc3 Rxh4 57. Ra3 Rh8 58. a6 Ra8 59.
Ra4 g5 60. Ke2 Kf5 61. Ke3 e5 62. a7 g4 63. Ra5 f6 64. Ra4 Kg5 65. Ke4 f5+ 66.
Ke3 f4+ 67. Kf2 g3+ 68. Kf3 Kh4 69. Ra6 Kg5 70. Ra5 Kf5 71. Ra4 Ke6 72. Ra6+
Kd5 73. Ra5+ Kd6 74. Ra6+ Kc7 75. Ra5 Kb7 76. Rxe5 Rg8 77. Re1 Rf8 78. Ra1 Ka8
79. Ra2 Rf7 80. Ra4 Rg7 81. Ra2 Rxa7 82. Rb2 Ra4 83. Kg4 Ka7 84. Kf3 Ka6 85.
Rb8 Ka5 86. Rf8 Rb4 87. Rf5+ Ka4 88. Rc5 Kb3 89. Rc1 Rc4 90. Rb1+ Kc2 91. Ra1
Rd4 92. Ra2+ Kd3 93. Ra3+ Kd2 94. Ra2+ Ke1 95. Ra1+ Rd1 96. Ra2 Kf1 97. Rb2
Rd3+ 98. Kxf4 g2 99. Ke4 Rd1 0-1

[Event "European Youth Chess Championship B12"]
[Site "Prague, Top Hotel Prague"]
[Date "2016.08.20"]
[Round "3.57"]
[White "Bochnicka, Vladimir"]
[Black "Vainerchuk, Barys"]
[Result "1-0"]
[WhiteElo "1953"]
[BlackElo "1592"]
[PlyCount "45"]
[EventDate "2016.08.18"]

1. e4 c5 2. c3 b6 3. d4 Bb7 4. Bd3 cxd4 5. cxd4 Nc6 6. Nf3 Nb4 7. Nc3 Nxd3+ 8.
Qxd3 e6 9. d5 exd5 10. exd5 d6 11. O-O Be7 12. Re1 Nf6 13. Nd4 O-O 14. Nf5 Re8
15. Bg5 Qd7 16. Rxe7 Rxe7 17. Bxf6 Ree8 18. Nxg7 Rec8 19. Qg3 Kf8 20. Ne8 Qf5
21. Qg7+ Kxe8 22. Qg8+ Kd7 23. Qxf7# 1-0

[Event "European Youth Chess Championship B12"]
[Site "Prague, Top Hotel Prague"]
[Date "2016.08.20"]
[Round "3.58"]
[White "Mathieu, Phileas"]
[Black "Mach, Petr"]
[Result "1-0"]
[WhiteElo "1835"]
[BlackElo "1654"]
[PlyCount "81"]
[EventDate "2016.08.18"]

1. e4 c5 2. Nf3 e6 3. d4 cxd4 4. Nxd4 Nf6 5. Nc3 d6 6. Be2 Be7 7. O-O Nc6 8.
Be3 Bd7 9. f4 Nxd4 10. Qxd4 O-O 11. Rad1 Bc6 12. Bf3 Qc7 13. Kh1 a6 14. g4 Rfd8
15. g5 Nd7 16. Qd2 Nc5 17. Qf2 Nd7 18. h4 g6 19. Kg2 h5 20. gxh6 Kh7 21. Kh1
Rg8 22. Rg1 Bf8 23. f5 exf5 24. exf5 Bxf3+ 25. Qxf3 Ne5 26. Qf4 Qc6+ 27. Nd5
Nd7 28. fxg6+ fxg6 29. Qf7+ Kh8 30. Bd4+ Ne5 31. Qf6+ Kh7 32. Bxe5 dxe5 33.
Qxc6 bxc6 34. Nf6+ Kxh6 35. Nxg8+ Kg7 36. Rd7+ Kxg8 37. Rxg6+ Kh8 38. Re6 Bg7
39. Rde7 Rd8 40. Re8+ Rxe8 41. Rxe8+ 1-0

[Event "European Youth Chess Championship B12"]
[Site "Prague, Top Hotel Prague"]
[Date "2016.08.20"]
[Round "3.59"]
[White "Luu, Robert"]
[Black "Sarighioleanu, Sebastian-Laure"]
[Result "1/2-1/2"]
[WhiteElo "1779"]
[BlackElo "1572"]
[PlyCount "88"]
[EventDate "2016.08.18"]

1. d4 d5 2. Nf3 e6 3. e3 Nf6 4. Bd3 Bd6 5. b3 b6 6. Bb2 Bb7 7. Nbd2 O-O 8. O-O
Nbd7 9. Ne5 Ne4 10. f4 f5 11. Qe2 Nxe5 12. fxe5 Be7 13. Rf3 g5 14. Bxe4 dxe4
15. Rf2 g4 16. Raf1 h5 17. g3 c5 18. h3 Kg7 19. Rh2 Rh8 20. Rff2 Qc7 21. c4 Kg6
22. Rh1 cxd4 23. Bxd4 Bc5 24. Bc3 a5 25. hxg4 hxg4 26. Rfh2 Qg7 27. Nf1 Rad8
28. Bb2 Bc6 29. Bc1 Bb7 30. Bb2 Bc6 31. Rxh8 Rxh8 32. Rxh8 Qxh8 33. Qd2 Kf7 34.
a3 Qf8 35. Qh2 Kg6 36. a4 Qh6 37. Qd2 Qf8 38. Qd1 Kf7 39. Bc3 Kg6 40. Qd2 Kf7
41. Bd4 Kg6 42. Bc3 Kf7 43. Qh2 Kg6 44. Qh4 Be7 1/2-1/2

[Event "European Youth Chess Championship B12"]
[Site "Prague, Top Hotel Prague"]
[Date "2016.08.20"]
[Round "3.60"]
[White "Nguyen, Thai Dai Vinh"]
[Black "Tajovsky, Matej"]
[Result "1-0"]
[WhiteElo "1774"]
[BlackElo "1584"]
[PlyCount "63"]
[EventDate "2016.08.18"]

1. e4 c6 2. d4 d5 3. Nc3 dxe4 4. Nxe4 Bf5 5. Ng3 Bg6 6. Bc4 e6 7. N1e2 Bd6 8.
Nf4 Bxf4 9. Bxf4 Nf6 10. c3 O-O 11. O-O Nbd7 12. Re1 Re8 13. Qf3 Nb6 14. Bb3
Qd7 15. Rad1 Nbd5 16. Be5 b5 17. h4 h6 18. Bxd5 Qxd5 19. Qf4 Qd8 20. Qf3 Qd5
21. Qe2 a5 22. h5 Bh7 23. Nf1 Rad8 24. Ne3 Qd7 25. Bxf6 gxf6 26. Qg4+ Kh8 27.
Qf4 Rg8 28. Qxf6+ Rg7 29. Ng4 Rdg8 30. Nxh6 Rf8 31. Ng4 Qc7 32. h6 1-0

[Event "European Youth Chess Championship B12"]
[Site "Prague, Top Hotel Prague"]
[Date "2016.08.20"]
[Round "3.61"]
[White "Wolaniecki, Patryk"]
[Black "Malkoc, Tilen"]
[Result "0-1"]
[WhiteElo "1669"]
[BlackElo "1770"]
[PlyCount "132"]
[EventDate "2016.08.18"]

1. e4 c6 2. d4 d5 3. exd5 cxd5 4. c4 Nf6 5. Nc3 Nc6 6. Nf3 Bg4 7. cxd5 Nxd5 8.
Be3 e6 9. Bb5 Bd6 10. Nxd5 exd5 11. O-O O-O 12. h3 Bh5 13. Bd3 Bg6 14. Bxg6
hxg6 15. Qb3 Qd7 16. Kh1 Be7 17. Ne5 Nxe5 18. dxe5 Rfd8 19. Rfd1 b6 20. Rac1
Qe6 21. f4 g5 22. Qa4 gxf4 23. Bxf4 Qd7 24. Qxd7 Rxd7 25. Rd3 Bc5 26. Rcd1 d4
27. b4 Bxb4 28. Rxd4 Rxd4 29. Rxd4 Bc5 30. Re4 Re8 31. Rc4 Kf8 32. g3 g5 33.
Bxg5 Rxe5 34. h4 Re1+ 35. Kh2 Re2+ 36. Kh3 Rxa2 37. h5 Kg7 38. h6+ Kg6 39. Rg4
f5 40. Rc4 Bg1 41. g4 Kxg5 42. gxf5 Rh2+ 43. Kg3 Rxh6 44. Rc7 b5 45. Rb7 Bb6
46. Rd7 Rf6 47. Kf3 Rxf5+ 48. Ke4 Rc5 49. Kd3 Kf5 50. Re7 Re5 51. Rh7 Ke6 52.
Kc3 Kd6 53. Kb3 Kc5 54. Rh3 Kc6 55. Rh6+ Kd5 56. Rh7 a5 57. Rh6 Bd4 58. Rg6
Re3+ 59. Ka2 Kc4 60. Rc6+ Kb4 61. Kb1 Kb3 62. Rc1 Bc3 63. Rd1 a4 64. Rf1 a3 65.
Kc1 a2 66. Rf3 Re1# 0-1

[Event "European Youth Chess Championship B12"]
[Site "Prague, Top Hotel Prague"]
[Date "2016.08.20"]
[Round "3.62"]
[White "Kusa, Jakub"]
[Black "Mechlinski, Jakub"]
[Result "0-1"]
[WhiteElo "1567"]
[BlackElo "1753"]
[PlyCount "142"]
[EventDate "2016.08.18"]

1. e4 c5 2. Nf3 a6 3. d4 cxd4 4. Nxd4 Nf6 5. Nc3 e5 6. Nf3 Bb4 7. Bd3 O-O 8.
Bd2 Bc5 9. O-O d6 10. Bg5 Be6 11. Qd2 h6 12. Bh4 Nbd7 13. h3 Qc7 14. Rad1 Bb4
15. Nb5 Qc5 16. c3 axb5 17. cxb4 Qb6 18. a3 Rfc8 19. Qe2 Bc4 20. Rc1 Bxd3 21.
Qxd3 g5 22. Bg3 Ne8 23. Rfd1 Kg7 24. Nh2 Ndf6 25. Nf1 Ng8 26. Ne3 Ne7 27. h4
Rxc1 28. Rxc1 Rd8 29. Rd1 f6 30. hxg5 hxg5 31. Qb3 Nc7 32. Qd3 Ne6 33. Nc2 d5
34. exd5 Rxd5 35. Qe2 Qd6 36. Rxd5 Qxd5 37. Ne3 Nd4 38. Qg4 Qc6 39. Qd1 Qe6 40.
Qd3 Nec6 41. f3 Qa2 42. Nf5+ Nxf5 43. Qxf5 Qxb2 44. Qd7+ Kg6 45. Qe8+ Kg7 46.
Qd7+ Kh6 47. Qxb7 Qc1+ 48. Kh2 Qc4 49. Qc8 Nd4 50. Qf8+ Kg6 51. Qe8+ Qf7 52.
Qh8 Qg7 53. Qxg7+ Kxg7 54. Bf2 Nc2 55. g3 Nxa3 56. Kg2 Kg6 57. Bc5 Kf5 58. Bd6
Ke6 59. Bf8 f5 60. Kf2 Kd5 61. f4 gxf4 62. gxf4 e4 63. Ke3 Kc4 64. Kd2 Nb1+ 65.
Kc2 Nc3 66. Bg7 Nd5 67. Be5 Nxb4+ 68. Kd2 Nd5 69. Kc2 b4 70. Bd6 b3+ 71. Kb2 e3
0-1

[Event "European Youth Chess Championship B12"]
[Site "Prague, Top Hotel Prague"]
[Date "2016.08.20"]
[Round "3.63"]
[White "Stepanencu, Nicodim-Cosmin"]
[Black "Pajcin, Lav"]
[Result "1-0"]
[WhiteElo "1551"]
[BlackElo "1735"]
[PlyCount "65"]
[EventDate "2016.08.18"]

1. e4 e5 2. Nf3 Nc6 3. Bc4 Bc5 4. Nc3 Nf6 5. d3 d6 6. Bg5 h6 7. Bh4 g5 8. Bg3
Be6 9. Bb5 Qd7 10. a3 O-O-O 11. Na4 Bb6 12. Nxb6+ axb6 13. Qe2 Bg4 14. Qe3 Qe7
15. Bc4 Nh5 16. c3 Nf4 17. Rg1 Qf6 18. Nd2 Ne7 19. f3 Bh5 20. Bxf4 gxf4 21. Qf2
Rhg8 22. O-O-O c6 23. Qxb6 d5 24. exd5 Nxd5 25. Bxd5 Rxd5 26. Qa7 Kc7 27. Ne4
Qe7 28. c4 Rdd8 29. Nc5 Ra8 30. Qxb7+ Kd6 31. Ne4+ Ke6 32. Qxc6+ Kf5 33. Qxh6
1-0

[Event "European Youth Chess Championship B12"]
[Site "Prague, Top Hotel Prague"]
[Date "2016.08.20"]
[Round "3.64"]
[White "Grzesik, Gracjan"]
[Black "Hadjinicolaou, Andreas"]
[Result "1/2-1/2"]
[WhiteElo "1734"]
[BlackElo "1488"]
[PlyCount "75"]
[EventDate "2016.08.18"]

1. e4 c5 2. Nf3 Nc6 3. d4 cxd4 4. Nxd4 e5 5. Nb5 d6 6. N1c3 a6 7. Na3 Be6 8.
Nd5 Nf6 9. Bg5 Qa5+ 10. Bd2 Qd8 11. Bg5 Qa5+ 12. Bd2 Qd8 13. Nxf6+ Qxf6 14. Be2
Qg6 15. Bf3 Nd4 16. c3 Nxf3+ 17. Qxf3 Be7 18. O-O O-O 19. Qe2 f5 20. exf5 Bxf5
21. Qe3 h6 22. Qg3 Rf6 23. Qxg6 Rxg6 24. Rfe1 b5 25. Rac1 Rf8 26. c4 Bh3 27. g3
Rgf6 28. Be3 b4 29. Nb1 R6f7 30. Nd2 Bf5 31. Nb3 Bg5 32. Bxg5 hxg5 33. Re2 Rc7
34. Rd2 Rd8 35. Kf1 Be6 36. c5 Bxb3 37. axb3 d5 38. Re1 1/2-1/2

[Event "European Youth Chess Championship B12"]
[Site "Prague, Top Hotel Prague"]
[Date "2016.08.20"]
[Round "3.65"]
[White "Slivka, David"]
[Black "Motiu, Victor"]
[Result "0-1"]
[WhiteElo "1524"]
[BlackElo "1774"]
[PlyCount "94"]
[EventDate "2016.08.18"]

1. e4 c5 2. Nf3 e6 3. c4 Nc6 4. Nc3 a6 5. d3 d6 6. Be3 Nf6 7. Be2 Be7 8. O-O
O-O 9. d4 cxd4 10. Nxd4 Qc7 11. b3 Bd7 12. Qd2 Nxd4 13. Qxd4 Rac8 14. Rac1 Qb8
15. Rfd1 Rfd8 16. f4 Bc6 17. Bf3 Ne8 18. Qd2 Nf6 19. Qf2 Nd7 20. Rd3 Nc5 21.
Rd2 a5 22. Rcd1 b6 23. Qg3 g6 24. f5 Qb7 25. fxg6 hxg6 26. Qg4 Nd7 27. Kh1 Ne5
28. Qg3 Bf6 29. Ne2 Bxe4 30. Bxe4 Qxe4 31. Bxb6 Rf8 32. Nc3 Qb7 33. Rxd6 Nc6
34. Bc5 Be5 35. Qh4 Bxc3 36. Rd7 Qb8 37. Bxf8 Rxf8 38. R1d3 Qe5 39. Rh3 Qe1+
40. Qxe1 Bxe1 41. Kg1 Bb4 42. Rc7 Ne5 43. Kf2 Rd8 44. Ke3 Ng4+ 45. Ke4 Nf2+ 46.
Kf3 Nxh3 47. gxh3 Rd3+ 0-1

[Event "European Youth Chess Championship B12"]
[Site "Prague, Top Hotel Prague"]
[Date "2016.08.20"]
[Round "3.66"]
[White "Jordanov, Mihail"]
[Black "Dudek, Vojtech"]
[Result "1/2-1/2"]
[WhiteElo "1758"]
[BlackElo "1529"]
[PlyCount "49"]
[EventDate "2016.08.18"]

1. e4 d5 2. exd5 Nf6 3. Nf3 Bg4 4. Be2 Qxd5 5. Nc3 Qh5 6. h3 Nc6 7. O-O Bd7 8.
d4 g5 9. Nxg5 Qg6 10. Bc4 O-O-O 11. Bxf7 Qg7 12. Be6 h6 13. Bxd7+ Rxd7 14. Nf3
Rg8 15. g3 Nh5 16. Ne2 e5 17. g4 e4 18. Nh4 Qf6 19. Ng2 Qf3 20. Nef4 Nxd4 21.
Qxf3 Nxf3+ 22. Kh1 Nf6 23. Ne6 h5 24. b4 Nh7 25. h4 1/2-1/2

[Event "European Youth Chess Championship B12"]
[Site "Prague, Top Hotel Prague"]
[Date "2016.08.20"]
[Round "3.67"]
[White "Hersel, Rudolf"]
[Black "Rousek, Jan"]
[Result "0-1"]
[WhiteElo "1685"]
[BlackElo "1521"]
[PlyCount "54"]
[EventDate "2016.08.18"]

1. d4 d5 2. Nf3 Nf6 3. Bf4 c5 4. dxc5 e6 5. e3 Bxc5 6. Bb5+ Nc6 7. O-O O-O 8.
Nc3 a6 9. Be2 Re8 10. Nd4 e5 11. Nxc6 bxc6 12. Bg5 h6 13. Bh4 Bf5 14. Na4 Bd6
15. c4 d4 16. exd4 exd4 17. c5 Bf4 18. Bd3 Bxh2+ 19. Kxh2 Bxd3 20. Qxd3 Ng4+
21. Kg3 g5 22. Kxg4 Qd7+ 23. Qf5 Re4+ 24. f4 h5+ 25. Kxg5 f6+ 26. Kg6 Qh7+ 27.
Kxf6 Rf8+ 0-1

[Event "European Youth Chess Championship B12"]
[Site "Prague, Top Hotel Prague"]
[Date "2016.08.20"]
[Round "3.68"]
[White "Aslanov, Samad"]
[Black "Hofman, Krystof"]
[Result "0-1"]
[WhiteElo "1529"]
[BlackElo "1684"]
[PlyCount "60"]
[EventDate "2016.08.18"]

1. e4 c5 2. Nf3 d6 3. d4 cxd4 4. Nxd4 Nf6 5. Nc3 a6 6. Be2 e6 7. O-O Be7 8. f4
Qc7 9. Kh1 Nc6 10. a4 Bd7 11. Be3 O-O 12. Bf3 Na5 13. Qd3 Rac8 14. Rad1 Rfd8
15. Qe2 Nc4 16. Bc1 Qb6 17. Nb3 Qb4 18. e5 dxe5 19. fxe5 Ne8 20. Rd4 Bxa4 21.
Nxa4 Qxa4 22. Rg4 Qb5 23. Re1 Bb4 24. c3 Bxc3 25. bxc3 Qxb3 26. Bxb7 Qxb7 27.
Rxc4 Qb5 28. Rxc8 Qxe2 29. Rxe2 Rd1+ 30. Re1 Rxe1# 0-1

[Event "European Youth Chess Championship B12"]
[Site "Prague, Top Hotel Prague"]
[Date "2016.08.20"]
[Round "3.69"]
[White "Jaques, Hannibal Valeur"]
[Black "Hosnedl, Matyas"]
[Result "1-0"]
[WhiteElo "1518"]
[BlackElo "1652"]
[PlyCount "43"]
[EventDate "2016.08.18"]

1. e4 e5 2. Nf3 Nc6 3. Bb5 a6 4. Bxc6 dxc6 5. O-O Bd6 6. Nc3 Bg4 7. d3 Qf6 8.
Bg5 Qg6 9. Be3 O-O-O 10. Rc1 h5 11. Nb1 h4 12. Nbd2 h3 13. g3 f5 14. c4 f4 15.
Ba7 b6 16. c5 Bxc5 17. Rxc5 bxc5 18. Bxc5 Rxd3 19. Qe2 Rxd2 20. Qxa6+ Kd8 21.
Qa8+ Kd7 22. Nxe5+ 1-0

[Event "European Youth Chess Championship B12"]
[Site "Prague, Top Hotel Prague"]
[Date "2016.08.20"]
[Round "3.70"]
[White "Hrbek, Tomas"]
[Black "Veres, Simon"]
[Result "1-0"]
[WhiteElo "1633"]
[BlackElo "1514"]
[PlyCount "65"]
[EventDate "2016.08.18"]

1. e4 c5 2. Nc3 d6 3. f4 g6 4. Nf3 Bg7 5. d3 Nc6 6. g3 Nf6 7. Bg2 O-O 8. O-O
Bd7 9. h3 Qb6 10. Kh2 h5 11. Nh4 Nd4 12. f5 Kh7 13. g4 hxg4 14. hxg4 Rh8 15.
Rh1 Kg8 16. Kg1 c4 17. Be3 g5 18. dxc4 Nh7 19. Nd5 Qxb2 20. f6 Nxc2 21. Nxe7+
Kf8 22. Neg6+ fxg6 23. Qxd6+ Kg8 24. Qd5+ Kf8 25. Nxg6+ Ke8 26. f7+ Kd8 27. Rd1
Nd4 28. Bxd4 Bxd4+ 29. Qxd4 Qxd4+ 30. Rxd4 Rf8 31. Rxh7 Rxf7 32. Rxf7 Kc7 33.
Rfxd7+ 1-0

[Event "European Youth Chess Championship B12"]
[Site "Prague, Top Hotel Prague"]
[Date "2016.08.20"]
[Round "3.71"]
[White "Wartiovaara, Oliver"]
[Black "Dwyer, Daniel"]
[Result "0-1"]
[WhiteElo "1514"]
[BlackElo "1629"]
[PlyCount "106"]
[EventDate "2016.08.18"]

1. c4 c6 2. b3 d5 3. e3 Bf5 4. Nf3 e6 5. Bb2 Nf6 6. cxd5 cxd5 7. Bb5+ Nbd7 8.
O-O Be7 9. Nc3 O-O 10. d4 a6 11. Bxd7 Nxd7 12. Ne2 Bd6 13. Ng3 Bg6 14. Qd2 Rc8
15. Rac1 Qe7 16. Rxc8 Rxc8 17. Rc1 Rxc1+ 18. Qxc1 Nb6 19. Ne5 Bxe5 20. dxe5 h6
21. Ba3 Qd7 22. Qc5 Qc6 23. Qxc6 bxc6 24. Bb2 Bb1 25. a3 Ba2 26. Bd4 Nd7 27. b4
Bc4 28. Nf1 f6 29. f4 Kf7 30. Nd2 Bd3 31. Kf2 Kg6 32. Kg3 fxe5 33. fxe5 Kf5 34.
Nf3 g5 35. h3 Be2 36. Ne1 Nxe5 37. Kf2 Bb5 38. g4+ Ke4 39. Bxe5 Kxe5 40. Kf3
Kf6 41. Nc2 e5 42. Kf2 Bd3 43. Ne1 e4 44. Ng2 Ke5 45. h4 Kd6 46. hxg5 hxg5 47.
Ke1 c5 48. bxc5+ Kxc5 49. Kf2 Kc4 50. Nf4 gxf4 51. g5 fxe3+ 52. Ke1 e2 53. g6
e3 0-1